000 00401nam a22001577a 4500
999 _c4575
_d4575
020 _a978 9988 134709
050 _aHD31.G93
100 _aKwame Abrefa Gyan
245 _aBusiness Managemnt and Administration
_cKwame Abrefa Gyan
250 _a2nd ed
260 _bThe Clems Ventures DLM
_c2010
300 _aXI, 310
650 _aBusiness
_xManagemnt
700 _aSamuel Oppong Mensah
942 _cBK